El remate / (Record no. 176647)

MARC details
000 -LEADER
campo de control de longitud fija 00722nam a2200217 i 4500
001 - NÚMERO DE CONTROL
campo de control 176647
003 - IDENTIFICADOR DE NÚMERO DE CONTROL
campo de control ES-MaACL
005 - FECHA Y HORA DE LA ÚLTIMA TRANSACCIÓN
campo de control 20230906220142.0
008 - DATOS DE LONGITUD FIJA--INFORMACIÓN GENERAL
campo de control de longitud fija 110128r2002 sp |||| | spa d
080 ## - NÚMERO DE LA CLASIFICACIÓN DECIMAL UNIVERSAL
Número de la Clasificación Decimal Universal 821.134.2-34"19"
100 1# - ENTRADA PRINCIPAL--NOMBRE DE PERSONA
Nombre de persona Aub, Max,
Fechas asociadas al nombre 1903-1972
9 (RLIN) 23783
245 13 - MENCIÓN DEL TÍTULO
Título El remate /
Mención de responsabilidad, etc. [Max Aub].
260 ## - PUBLICACIÓN, DISTRIBUCIÓN, ETC.
Lugar de publicación, distribución, etc. [Madrid :
Nombre del editor, distribuidor, etc. Fundación Max Aub,
Fecha de publicación, distribución, etc. 2002]
300 ## - DESCRIPCIÓN FÍSICA
Extensión 25 p. ;
Dimensiones 25 cm.
500 ## - NOTA GENERAL
Nota general Acceso a Sala de espera.
594 ## - Nota al título y mención de responsabilidad
Nota al título y mención de responsabilidad Precede al tít.: Sala de espera: el que busca da
595 ## -
-- N. extraordinario imp. el 19 de agosto de 1961, a los XXV años del asesinato de Federico García Lorca
595 ## -
-- Separata de: Sala de espera.
852 4# - LOCALIZACIÓN
Ubicación ES-MaACL
Número de control de estantería 2274-F-16
Holdings
Estatus retirado Estado de pérdida Estado de daño No para préstamo Colección Biblioteca de origen Biblioteca actual Ubicación en estantería Fecha de adquisición Fuente de adquisición Total de préstamos Signatura topográfica completa Código de barras Visto por última vez Precio de reemplazo Tipo de ítem Koha
        Colección de folletos Biblioteca del Ateneo de Madrid Biblioteca del Ateneo de Madrid Depósito folletos 28/01/2011     2274-F-16 1185513 23/02/2023 23/02/2023 Folleto